Селянська санаторія (Запис № 329523)

МАРК-запис
000 -LEADER
fixed length control field 00711nam a22002417a 4500
001 - CONTROL NUMBER
control field 43394
003 - CONTROL NUMBER IDENTIFIER
control field UA-OsUOA
005 - DATE AND TIME OF LATEST TRANSACTION
control field 20210103222511.0
007 - PHYSICAL DESCRIPTION FIXED FIELD--GENERAL INFORMATION
fixed length control field ta
008 - FIXED-LENGTH DATA ELEMENTS--GENERAL INFORMATION
fixed length control field 20061221b un ||||| |||| 00| 0 ukr d
040 ## - CATALOGING SOURCE
Original cataloging agency UA-OsUOA
Language of cataloging ukr
Transcribing agency UA-OsUOA
Modifying agency UA-OsUOA
041 ## - LANGUAGE CODE
Language code of text/sound track or separate title ukr
080 ## - UNIVERSAL DECIMAL CLASSIFICATION NUMBER
Universal Decimal Classification number 821.161.2
090 ## - LOCALLY ASSIGNED LC-TYPE CALL NUMBER (OCLC); LOCAL CALL NUMBER (OCLC)
Classification number (OCLC) (R) ; Classification number, CALL (RLIN) (NR) 821.161.2
Local cutter number (OCLC) ; Book number/undivided call number, CALL (RLIN) З-43
100 ## - MAIN ENTRY--PERSONAL NAME
Personal name Звичайна О.
245 ## - TITLE STATEMENT
Title Селянська санаторія
Remainder of title повість
260 ## - PUBLICATION, DISTRIBUTION, ETC. (IMPRINT)
Place of publication, distribution, etc Вінніпег
Name of publisher, distributor, etc Тризуб
Date of publication, distribution, etc 1952
300 ## - PHYSICAL DESCRIPTION
Extent 218 с.
650 #7 - SUBJECT ADDED ENTRY--TOPICAL TERM
Topical term or geographic name as entry element 82 Література. Літературознавство
Source of heading or term UDC
942 ## - ADDED ENTRY ELEMENTS (KOHA)
Koha item type Книги
Source of classification or shelving scheme Universal Decimal Classification
955 ## - COPY-LEVEL INFORMATION (RLIN)
Classification number, CCAL (RLIN) Літературно-художні видання
Фонди
Withdrawn status Lost status Source of classification or shelving scheme Damaged status Not for loan Collection code Home library Current library Date acquired Source of acquisition Cost, normal purchase price Inventory number Total Checkouts Full call number Barcode Date last seen Price effective from Koha item type
    Universal Decimal Classification     Колекція бібліотеки інституту Св. Івана АБ - Абонемент НБ АБ - Абонемент НБ 13/06/2012 48/2012 3.00 139298   821.161.2 З-43 139298 11/02/2022 13/06/2012 Книги
Withdrawn   Universal Decimal Classification     Колекція бібліотеки інституту Св. Івана АБ - Абонемент НБ АБ - Абонемент НБ 15/06/2012 48/2012 3.00 139443   821.161.2 З-43 139443 13/07/2019 13/06/2012 Книги
Withdrawn   Universal Decimal Classification       АБ - Абонемент НБ АБ - Абонемент НБ 08/11/2012     58405   821.161.2 З-43 58405 13/07/2019 13/06/2012 Книги
    Universal Decimal Classification     Колекція Полковського В. ЧЗ - Читальна зала ЧЗ - Читальна зала 21/12/2006 157/2006 3.00 102186   821.161.2 З-43 102186 11/02/2022 21/12/2006 Книги